La fe en Jesucristo: ensayo desde las víctimas
Salvato in:
| Autore principale: | |
|---|---|
| Natura: | Libro |
| Lingua: | spagnolo |
| Pubblicazione: |
Madrid
Trotta
2007
|
| Edizione: | 3a. ed |
| Soggetti: | |
| Tags: |
Aggiungi Tag
Nessun Tag, puoi essere il primo ad aggiungerne!!
|
MARC
| LEADER | 00000cam a2200000 a 4500 | ||
|---|---|---|---|
| 001 | UCC1893 | ||
| 003 | CL-VaPUC | ||
| 008 | 171201e20070000sp |||||||||||||||||spa|d | ||
| 020 | |a 9788481642681 | ||
| 082 | 0 | 4 | |a 232 |b SOB |2 21 |
| 100 | 0 | |a Sobrino, Jon |e author |9 595984 | |
| 245 | 1 | 3 | |a La fe en Jesucristo: ensayo desde las víctimas |
| 250 | |a 3a. ed | ||
| 300 | |a 508 p | ||
| 942 | |c BK | ||
| 945 | |d 20171201 13:56:00 |a arojas | ||
| 260 | |a Madrid |b Trotta |c 2007 | ||
| 600 | 0 | |a Jesucristo |9 481811 | |
| 650 | 0 | |a Cristología |9 315091 | |
| 650 | 0 | |a Fe cristiana |9 527676 | |
| 583 | |a last modification |c 20171201 13:56:00 |k Rodrigo Vera | ||
| 999 | |c 370228 |d 370226 | ||
| 952 | |0 0 |1 0 |3 erb |4 0 |6 232_000000000000000_SOB_2007 |7 0 |8 A |9 486573 |a BIBTEO |b BIBTEO |i 5440416 |o 232 SOB 2007 |p 5440416 |r 2025-01-17 |w 2019-11-24 |y BK |z Catalogado en:20171201 |k ICR | ||